Statystyki dla 15 krajów o największej liczbie zgonów Covid19 - 24/10/2020

Kliknij tutaj aby rozwiązać quiz!

Ogólne statystyki

  • Ten quiz został rozwiązany 18 razy
  • Średni wynik to 10 z 20

Statystyki odpowiedzi

kraj% Poprawnych
Stany Zjednoczone
100%
Francja
88%
Rosja
88%
Włochy
88%
Hiszpania
76%
Wielka Brytania
71%
Brazylia
65%
Indie
65%
Meksyk
59%
Argentyna
41%
Iran
41%
Szwecja
41%
Belgia
29%
Boliwia
29%
Peru
29%
Republika
Południowej Afryki
29%
Chile
24%
Kolumbia
24%
Ekwador
18%
Panama
12%

Rozkład punktacji

Percentyl według liczby udzielonych odpowiedzi

Procent ludzi z każdym wynikiem

Twoja historia wyników

Nie rozwiązałeś tego quizu